<?xml version="1.0" encoding="UTF-8"?>
<record
    xmlns:xsi="http://www.w3.org/2001/XMLSchema-instance"
    xsi:schemaLocation="http://www.loc.gov/MARC21/slim http://www.loc.gov/standards/marcxml/schema/MARC21slim.xsd"
    xmlns="http://www.loc.gov/MARC21/slim">

  <leader>01178cam a2200313 a 4500</leader>
  <controlfield tag="001">15540865</controlfield>
  <controlfield tag="003">OSt</controlfield>
  <controlfield tag="005">20150408114222.0</controlfield>
  <controlfield tag="008">081202s2009    enka     b    001 0 eng  </controlfield>
  <datafield tag="010" ind1=" " ind2=" ">
    <subfield code="a">  2008052020</subfield>
  </datafield>
  <datafield tag="020" ind1=" " ind2=" ">
    <subfield code="a">9780521717403 (pbk.)</subfield>
  </datafield>
  <datafield tag="020" ind1=" " ind2=" ">
    <subfield code="a">9780521888820</subfield>
  </datafield>
  <datafield tag="040" ind1=" " ind2=" ">
    <subfield code="a">DLC</subfield>
    <subfield code="c">DLC</subfield>
    <subfield code="d">DLC</subfield>
  </datafield>
  <datafield tag="050" ind1="0" ind2="0">
    <subfield code="a">PE1133</subfield>
    <subfield code="b">.R55 2009</subfield>
  </datafield>
  <datafield tag="082" ind1="0" ind2="0">
    <subfield code="a">421.5</subfield>
    <subfield code="2">22</subfield>
    <subfield code="b">RPE</subfield>
  </datafield>
  <datafield tag="100" ind1="1" ind2=" ">
    <subfield code="a">Roach, Peter</subfield>
    <subfield code="q">(Peter John)</subfield>
  </datafield>
  <datafield tag="245" ind1="1" ind2="0">
    <subfield code="a">English phonetics and phonology :</subfield>
    <subfield code="b">a practical course /</subfield>
    <subfield code="c">Peter Roach.</subfield>
  </datafield>
  <datafield tag="250" ind1=" " ind2=" ">
    <subfield code="a">4th ed.</subfield>
  </datafield>
  <datafield tag="260" ind1=" " ind2=" ">
    <subfield code="a">Cambridge ;</subfield>
    <subfield code="a">New York :</subfield>
    <subfield code="b">Cambridge University Press,</subfield>
    <subfield code="c">2009.</subfield>
  </datafield>
  <datafield tag="300" ind1=" " ind2=" ">
    <subfield code="a">xi, 231 p. :</subfield>
    <subfield code="b">ill. (some col.) ;</subfield>
    <subfield code="c">26 cm. +</subfield>
    <subfield code="e">2 CD-ROM (4 3/4 inches)</subfield>
  </datafield>
  <datafield tag="504" ind1=" " ind2=" ">
    <subfield code="a">Includes bibliographical references and index.</subfield>
  </datafield>
  <datafield tag="650" ind1=" " ind2="0">
    <subfield code="a">English language</subfield>
    <subfield code="x">Phonetics.</subfield>
    <subfield code="9">18362</subfield>
  </datafield>
  <datafield tag="650" ind1=" " ind2="0">
    <subfield code="a">English language</subfield>
    <subfield code="x">Phonology.</subfield>
    <subfield code="9">8219</subfield>
  </datafield>
  <datafield tag="650" ind1=" " ind2="0">
    <subfield code="a">English language</subfield>
    <subfield code="x">Study and teaching</subfield>
    <subfield code="x">Foreign speakers.</subfield>
  </datafield>
  <datafield tag="856" ind1="4" ind2="2">
    <subfield code="3">Publisher description</subfield>
    <subfield code="u">http://www.loc.gov/catdir/enhancements/fy0905/2008052020-d.html</subfield>
  </datafield>
  <datafield tag="906" ind1=" " ind2=" ">
    <subfield code="a">7</subfield>
    <subfield code="b">cbc</subfield>
    <subfield code="c">orignew</subfield>
    <subfield code="d">1</subfield>
    <subfield code="e">ecip</subfield>
    <subfield code="f">20</subfield>
    <subfield code="g">y-gencatlg</subfield>
  </datafield>
  <datafield tag="942" ind1=" " ind2=" ">
    <subfield code="2">ddc</subfield>
    <subfield code="c">BOOK</subfield>
  </datafield>
  <datafield tag="999" ind1=" " ind2=" ">
    <subfield code="c">35514</subfield>
    <subfield code="d">270014</subfield>
  </datafield>
  <datafield tag="952" ind1=" " ind2=" ">
    <subfield code="1">0</subfield>
    <subfield code="2">2014-07-08</subfield>
    <subfield code="4">0</subfield>
    <subfield code="7">0</subfield>
    <subfield code="a">421.5 RPE</subfield>
    <subfield code="d">2014-07-08</subfield>
    <subfield code="h">CL</subfield>
    <subfield code="i">00652943</subfield>
    <subfield code="m">CL</subfield>
    <subfield code="o">5</subfield>
    <subfield code="q">2016-11-09</subfield>
    <subfield code="r">2017-02-06 00:00:00</subfield>
    <subfield code="t">BOOK</subfield>
    <subfield code="w">ddc</subfield>
    <subfield code="y">7</subfield>
  </datafield>
  <datafield tag="952" ind1=" " ind2=" ">
    <subfield code="1">0</subfield>
    <subfield code="2">2014-07-08</subfield>
    <subfield code="4">0</subfield>
    <subfield code="7">0</subfield>
    <subfield code="a">421.5 RPE</subfield>
    <subfield code="d">2014-07-08</subfield>
    <subfield code="h">CL</subfield>
    <subfield code="i">00652944</subfield>
    <subfield code="m">CL</subfield>
    <subfield code="o">1</subfield>
    <subfield code="q">2015-10-08</subfield>
    <subfield code="r">2016-02-18 00:00:00</subfield>
    <subfield code="t">BOOK</subfield>
    <subfield code="w">ddc</subfield>
    <subfield code="y">2</subfield>
  </datafield>
  <datafield tag="952" ind1=" " ind2=" ">
    <subfield code="1">0</subfield>
    <subfield code="2">2014-07-08</subfield>
    <subfield code="4">0</subfield>
    <subfield code="7">0</subfield>
    <subfield code="a">421.5 RPE</subfield>
    <subfield code="d">2014-07-08</subfield>
    <subfield code="h">CL</subfield>
    <subfield code="i">00652945</subfield>
    <subfield code="m">CL</subfield>
    <subfield code="o">1</subfield>
    <subfield code="q">2020-02-03</subfield>
    <subfield code="r">2020-02-03 00:00:00</subfield>
    <subfield code="s">2020-04-03</subfield>
    <subfield code="t">BOOK</subfield>
    <subfield code="w">ddc</subfield>
    <subfield code="y">2</subfield>
  </datafield>
  <datafield tag="952" ind1=" " ind2=" ">
    <subfield code="1">0</subfield>
    <subfield code="2">2014-07-08</subfield>
    <subfield code="4">0</subfield>
    <subfield code="7">0</subfield>
    <subfield code="a">421.5 RPE</subfield>
    <subfield code="d">2014-07-08</subfield>
    <subfield code="h">SZM</subfield>
    <subfield code="i">00652946</subfield>
    <subfield code="m">SZM</subfield>
    <subfield code="q">2015-02-15</subfield>
    <subfield code="r">2015-03-01 00:00:00</subfield>
    <subfield code="t">BOOK</subfield>
    <subfield code="w">ddc</subfield>
    <subfield code="y">1</subfield>
  </datafield>
  <datafield tag="952" ind1=" " ind2=" ">
    <subfield code="1">0</subfield>
    <subfield code="2">2014-07-08</subfield>
    <subfield code="4">0</subfield>
    <subfield code="7">0</subfield>
    <subfield code="a">421.5 RPE</subfield>
    <subfield code="d">2014-07-08</subfield>
    <subfield code="h">SZM</subfield>
    <subfield code="i">00652947</subfield>
    <subfield code="m">SZM</subfield>
    <subfield code="r">2014-07-08 00:00:00</subfield>
    <subfield code="t">BOOK</subfield>
    <subfield code="w">ddc</subfield>
    <subfield code="y">0</subfield>
  </datafield>
  <datafield tag="952" ind1=" " ind2=" ">
    <subfield code="1">0</subfield>
    <subfield code="2">2017-08-04</subfield>
    <subfield code="4">0</subfield>
    <subfield code="7">0</subfield>
    <subfield code="a">421.5 RPE</subfield>
    <subfield code="d">2017-08-04</subfield>
    <subfield code="h">SRF</subfield>
    <subfield code="i">00656565</subfield>
    <subfield code="m">SRF</subfield>
    <subfield code="q">2018-09-13</subfield>
    <subfield code="r">2018-09-13 00:00:00</subfield>
    <subfield code="t">BOOK</subfield>
    <subfield code="w">ddc</subfield>
    <subfield code="y">1</subfield>
  </datafield>
  <datafield tag="952" ind1=" " ind2=" ">
    <subfield code="1">0</subfield>
    <subfield code="2">2017-08-04</subfield>
    <subfield code="4">0</subfield>
    <subfield code="7">0</subfield>
    <subfield code="a">421.5 RPE</subfield>
    <subfield code="d">2017-08-04</subfield>
    <subfield code="h">SRF</subfield>
    <subfield code="i">00656566</subfield>
    <subfield code="m">SRF</subfield>
    <subfield code="q">2020-02-17</subfield>
    <subfield code="r">2020-10-01 00:00:00</subfield>
    <subfield code="t">BOOK</subfield>
    <subfield code="w">ddc</subfield>
    <subfield code="y">8</subfield>
  </datafield>
  <datafield tag="952" ind1=" " ind2=" ">
    <subfield code="1">0</subfield>
    <subfield code="2">2017-08-04</subfield>
    <subfield code="4">0</subfield>
    <subfield code="7">0</subfield>
    <subfield code="a">421.5 RPE</subfield>
    <subfield code="d">2017-08-04</subfield>
    <subfield code="h">SRM</subfield>
    <subfield code="i">00656567</subfield>
    <subfield code="m">SRM</subfield>
    <subfield code="r">2019-03-20 00:00:00</subfield>
    <subfield code="t">BOOK</subfield>
    <subfield code="w">ddc</subfield>
    <subfield code="y">0</subfield>
  </datafield>
  <datafield tag="952" ind1=" " ind2=" ">
    <subfield code="1">0</subfield>
    <subfield code="2">2017-08-04</subfield>
    <subfield code="4">0</subfield>
    <subfield code="7">0</subfield>
    <subfield code="a">421.5 RPE</subfield>
    <subfield code="d">2017-08-04</subfield>
    <subfield code="h">SRM</subfield>
    <subfield code="i">00656568</subfield>
    <subfield code="m">SRM</subfield>
    <subfield code="q">2022-01-20</subfield>
    <subfield code="r">2022-10-30 00:00:00</subfield>
    <subfield code="t">BOOK</subfield>
    <subfield code="w">ddc</subfield>
    <subfield code="y">1</subfield>
  </datafield>
  <datafield tag="952" ind1=" " ind2=" ">
    <subfield code="1">0</subfield>
    <subfield code="2">2017-08-04</subfield>
    <subfield code="4">0</subfield>
    <subfield code="7">0</subfield>
    <subfield code="a">421.5 RPE</subfield>
    <subfield code="d">2017-08-04</subfield>
    <subfield code="h">SGF</subfield>
    <subfield code="i">00656599</subfield>
    <subfield code="m">SGF</subfield>
    <subfield code="o">1</subfield>
    <subfield code="q">2023-09-06</subfield>
    <subfield code="r">2024-02-08 00:00:00</subfield>
    <subfield code="t">BOOK</subfield>
    <subfield code="w">ddc</subfield>
    <subfield code="y">3</subfield>
  </datafield>
  <datafield tag="952" ind1=" " ind2=" ">
    <subfield code="1">0</subfield>
    <subfield code="2">2017-08-04</subfield>
    <subfield code="4">0</subfield>
    <subfield code="7">0</subfield>
    <subfield code="a">421.5 RPE</subfield>
    <subfield code="d">2017-08-04</subfield>
    <subfield code="h">CL</subfield>
    <subfield code="i">00656600</subfield>
    <subfield code="m">SGF</subfield>
    <subfield code="q">2019-09-05</subfield>
    <subfield code="r">2019-09-05 00:00:00</subfield>
    <subfield code="s">2019-10-05</subfield>
    <subfield code="t">BOOK</subfield>
    <subfield code="w">ddc</subfield>
    <subfield code="y">2</subfield>
  </datafield>
  <datafield tag="952" ind1=" " ind2=" ">
    <subfield code="1">0</subfield>
    <subfield code="2">2017-08-04</subfield>
    <subfield code="4">0</subfield>
    <subfield code="7">0</subfield>
    <subfield code="a">421.5 RPE</subfield>
    <subfield code="d">2017-08-04</subfield>
    <subfield code="h">IC</subfield>
    <subfield code="i">00656601</subfield>
    <subfield code="m">IC</subfield>
    <subfield code="r">2017-08-04 00:00:00</subfield>
    <subfield code="t">BOOK</subfield>
    <subfield code="w">ddc</subfield>
    <subfield code="y">0</subfield>
  </datafield>
  <datafield tag="952" ind1=" " ind2=" ">
    <subfield code="1">0</subfield>
    <subfield code="2">2017-08-04</subfield>
    <subfield code="4">0</subfield>
    <subfield code="7">0</subfield>
    <subfield code="a">421.5 RPE</subfield>
    <subfield code="d">2017-08-04</subfield>
    <subfield code="h">IC</subfield>
    <subfield code="i">00656602</subfield>
    <subfield code="m">IC</subfield>
    <subfield code="r">2017-08-04 00:00:00</subfield>
    <subfield code="t">BOOK</subfield>
    <subfield code="w">ddc</subfield>
    <subfield code="y">0</subfield>
  </datafield>
  <datafield tag="952" ind1=" " ind2=" ">
    <subfield code="1">0</subfield>
    <subfield code="2">2018-09-04</subfield>
    <subfield code="4">0</subfield>
    <subfield code="7">0</subfield>
    <subfield code="a">421.5 RPE</subfield>
    <subfield code="d">2018-09-04</subfield>
    <subfield code="h">SHM</subfield>
    <subfield code="i">00657662</subfield>
    <subfield code="m">SHM</subfield>
    <subfield code="r">2018-09-04 00:00:00</subfield>
    <subfield code="t">BOOK</subfield>
    <subfield code="w">ddc</subfield>
    <subfield code="y">0</subfield>
  </datafield>
  <datafield tag="952" ind1=" " ind2=" ">
    <subfield code="1">0</subfield>
    <subfield code="2">2018-09-04</subfield>
    <subfield code="4">0</subfield>
    <subfield code="7">0</subfield>
    <subfield code="a">421.5 RPE</subfield>
    <subfield code="d">2018-09-04</subfield>
    <subfield code="h">SHM</subfield>
    <subfield code="i">00657663</subfield>
    <subfield code="m">SHM</subfield>
    <subfield code="r">2018-09-04 00:00:00</subfield>
    <subfield code="t">BOOK</subfield>
    <subfield code="w">ddc</subfield>
    <subfield code="y">0</subfield>
  </datafield>
  <datafield tag="952" ind1=" " ind2=" ">
    <subfield code="1">0</subfield>
    <subfield code="2">2018-09-04</subfield>
    <subfield code="4">0</subfield>
    <subfield code="7">0</subfield>
    <subfield code="a">421.5 RPE</subfield>
    <subfield code="d">2018-09-04</subfield>
    <subfield code="h">SHF</subfield>
    <subfield code="i">00657664</subfield>
    <subfield code="m">SHF</subfield>
    <subfield code="q">2022-11-22</subfield>
    <subfield code="r">2023-03-15 00:00:00</subfield>
    <subfield code="t">BOOK</subfield>
    <subfield code="w">ddc</subfield>
    <subfield code="y">1</subfield>
  </datafield>
  <datafield tag="952" ind1=" " ind2=" ">
    <subfield code="1">0</subfield>
    <subfield code="2">2022-03-15</subfield>
    <subfield code="4">0</subfield>
    <subfield code="7">0</subfield>
    <subfield code="a">421.5 RPE</subfield>
    <subfield code="d">2022-03-15</subfield>
    <subfield code="h">EZF</subfield>
    <subfield code="i">00169164</subfield>
    <subfield code="m">EZF</subfield>
    <subfield code="r">2022-03-15 00:00:00</subfield>
    <subfield code="t">BOOK</subfield>
    <subfield code="w">ddc</subfield>
    <subfield code="y">0</subfield>
  </datafield>
  <datafield tag="952" ind1=" " ind2=" ">
    <subfield code="1">0</subfield>
    <subfield code="2">2022-03-15</subfield>
    <subfield code="4">0</subfield>
    <subfield code="7">0</subfield>
    <subfield code="a">421.5 RPE</subfield>
    <subfield code="d">2022-03-15</subfield>
    <subfield code="h">EZF</subfield>
    <subfield code="i">00169165</subfield>
    <subfield code="m">EZF</subfield>
    <subfield code="r">2022-03-15 00:00:00</subfield>
    <subfield code="t">BOOK</subfield>
    <subfield code="w">ddc</subfield>
    <subfield code="y">0</subfield>
  </datafield>
  <datafield tag="952" ind1=" " ind2=" ">
    <subfield code="1">0</subfield>
    <subfield code="2">2022-03-15</subfield>
    <subfield code="4">0</subfield>
    <subfield code="7">0</subfield>
    <subfield code="a">421.5 RPE</subfield>
    <subfield code="d">2022-03-15</subfield>
    <subfield code="h">EMF</subfield>
    <subfield code="i">00169166</subfield>
    <subfield code="m">EMF</subfield>
    <subfield code="r">2022-03-15 00:00:00</subfield>
    <subfield code="t">BOOK</subfield>
    <subfield code="w">ddc</subfield>
    <subfield code="y">0</subfield>
  </datafield>
  <datafield tag="952" ind1=" " ind2=" ">
    <subfield code="1">0</subfield>
    <subfield code="2">2022-03-15</subfield>
    <subfield code="4">0</subfield>
    <subfield code="7">0</subfield>
    <subfield code="a">421.5 RPE</subfield>
    <subfield code="d">2022-03-15</subfield>
    <subfield code="h">EMF</subfield>
    <subfield code="i">00169167</subfield>
    <subfield code="m">EMF</subfield>
    <subfield code="r">2022-03-15 00:00:00</subfield>
    <subfield code="t">BOOK</subfield>
    <subfield code="w">ddc</subfield>
    <subfield code="y">0</subfield>
  </datafield>
  <datafield tag="952" ind1=" " ind2=" ">
    <subfield code="1">0</subfield>
    <subfield code="2">2022-03-15</subfield>
    <subfield code="4">0</subfield>
    <subfield code="7">0</subfield>
    <subfield code="a">421.5 RPE</subfield>
    <subfield code="d">2022-03-15</subfield>
    <subfield code="h">IC</subfield>
    <subfield code="i">00169168</subfield>
    <subfield code="m">IC</subfield>
    <subfield code="r">2022-03-15 00:00:00</subfield>
    <subfield code="t">BOOK</subfield>
    <subfield code="w">ddc</subfield>
    <subfield code="y">0</subfield>
  </datafield>
  <datafield tag="952" ind1=" " ind2=" ">
    <subfield code="1">0</subfield>
    <subfield code="2">2022-03-15</subfield>
    <subfield code="4">0</subfield>
    <subfield code="7">0</subfield>
    <subfield code="a">421.5 RPE</subfield>
    <subfield code="d">2022-03-15</subfield>
    <subfield code="h">AMF</subfield>
    <subfield code="i">00169169</subfield>
    <subfield code="m">AMF</subfield>
    <subfield code="r">2022-03-15 00:00:00</subfield>
    <subfield code="t">BOOK</subfield>
    <subfield code="w">ddc</subfield>
    <subfield code="y">0</subfield>
  </datafield>
  <datafield tag="952" ind1=" " ind2=" ">
    <subfield code="1">0</subfield>
    <subfield code="2">2022-11-05</subfield>
    <subfield code="4">0</subfield>
    <subfield code="7">1</subfield>
    <subfield code="a">421.5 RPE</subfield>
    <subfield code="d">2022-11-05</subfield>
    <subfield code="h">IC</subfield>
    <subfield code="i">00268948</subfield>
    <subfield code="m">IC</subfield>
    <subfield code="r">2022-11-05 00:00:00</subfield>
    <subfield code="t">BOOK</subfield>
    <subfield code="w">ddc</subfield>
    <subfield code="y">0</subfield>
  </datafield>
</record>
